La entrevista laboral: 287 buenas respuestas a todas las preguntas laborales

Salvato in:
Dettagli Bibliografici
Autore principale: Alles, Martha Alicia (autora)
Natura: Libro
Lingua:spagnolo
Pubblicazione: Buenos Aires Granica 1999
Serie:Cuadernos Granica
Soggetti:
Tags: Aggiungi Tag
Nessun Tag, puoi essere il primo ad aggiungerne!!

MARC

LEADER 00000nam a2200000 a 4500
001 UCH1923
003 CL-VaPUC
008 090520e19990000AG |||||||||||||||||spa|d
020 |a 9506412707 
082 0 4 |a 658.31124  |b ALL  |2 21 
100 |a Alles, Martha Alicia  |e autora  |9 254834 
245 1 3 |a La entrevista laboral: 287 buenas respuestas a todas las preguntas laborales 
300 |a 138 p 
942 |c BK 
945 |d 20090520 00:00:00  |a rbrito 
260 |a Buenos Aires  |b Granica  |c 1999 
650 7 |a ENTREVISTA PARA CONTRATAR  |2 CL-VaPUC  |9 343746 
650 7 |a DISEÑO DE ENCUESTAS  |2 CL-VaPUC  |9 270237 
650 0 |a Selección de personal  |9 307100 
650 0 |a Trabajo  |9 313876 
583 |a last modification  |c 20090520 00:00:00  |k Rodrigo Vera 
490 0 |a Cuadernos Granica 
999 |c 333817  |d 333815 
952 |0 0  |1 0  |4 0  |6 658_311240000000000_ALL_1999  |7 0  |8 A  |9 422447  |a BIBEDU  |b BIBEDU  |d 2019-11-22  |i 4551923  |o 658.31124 ALL 1999  |p 4551923  |r 2019-11-22  |w 2019-11-22  |y BK  |k EPE